Alphabetic Things (A-Z) Quiz Stats

 Plays Quiz Updated Oct 2, 2015

Challenge
Share
Tweet
Embed
Score 0/26 Timer 07:00
1 Play Today
Letter Alphabetic Thing % Correct
DD-day
95.9%
CC-section
92.9%
EE. coli
90.5%
XX-ray
89%
QQ-tip
88.5%
KK-Mart
87.5%
TT-bone
86.8%
PP. Diddy
86.5%
N'N Sync
86.3%
HH-bomb
83.8%
RR-rated
81.9%
GG-force
80.9%
YY Chromosome
80.4%
Letter Alphabetic Thing % Correct
UU-Haul
79.6%
FF bomb
79%
JJ. Crew
69.3%
BB-movie
68.1%
AA-list
60.2%
OO-ring
50.2%
II beam
50.1%
MM-Class
48.7%
ZZ-axis
40.7%
VV-chip
39%
LL-plate
19%
Ss orbital
15.6%
WW engine
13.6%

You're not logged in!

Compare scores with friends on all Sporcle quizzes.
Join for Free
OR
Log In

You Might Also Like...

Show Comments

Extras

Top Quizzes Today


Score Distribution

Your Account Isn't Verified!

In order to create a playlist on Sporcle, you need to verify the email address you used during registration. Go to your Sporcle Settings to finish the process.

Report this User

Report this user for behavior that violates our Community Guidelines.

Details: